Fotoperiodismo y edicion

Saved in:
Bibliografiske detaljer
Hovedforfatter: Caballo Ardila, Diego (Author)
Format: Bog
Sprog:spansk
Udgivet: Madrid Universitarias 2006
Udgivelse:2a. ed
Fag:
Tags: Tilføj Tag
Ingen Tags, Vær først til at tagge denne postø!

MARC

LEADER 00000nam a2200000 a 4500
001 UCH0194
003 CL-VaPUC
008 090115e20060000SP |||||||||||||||||spa|d
020 |a 8479911751 
082 0 4 |a 070.49  |b CAB  |2 21 
100 0 |a Caballo Ardila, Diego  |e author  |9 534351 
245 1 0 |a Fotoperiodismo y edicion 
250 |a 2a. ed 
300 |a 444 p 
942 |c BK 
945 |d 20090115 00:00:00  |a jtorresc 
260 |a Madrid  |b Universitarias  |c 2006 
650 0 |a Fotografía periodística  |9 333344 
650 0 |a Prensa  |9 258117 
650 0 |a Cámaras fotográficas  |9 327824 
650 0 |a Publicidad  |9 314572 
650 7 |a COMUNICACION DE MASAS  |2 CL-VaPUC  |9 334823 
583 |a last modification  |c 20130104 10:15:19  |k Rodrigo Vera 
999 |c 332555  |d 332553 
952 |0 0  |1 0  |4 0  |6 070_490000000000000_CAB_2006  |7 0  |8 A  |9 420356  |a BIBCUR  |b BIBCUR  |d 2019-11-22  |i 4512529  |l 1  |o 070.49 CAB 2006  |p 4512529  |r 2025-04-24  |s 2025-04-24  |w 2019-11-22  |y BK  |k PER